The fourth dimension: a guide tour of the higher universes
Uloženo v:
| Hlavní autoři: | , , |
|---|---|
| Médium: | Kniha |
| Jazyk: | angličtina |
| Vydáno: |
Boston
Houghton Mifflin
1984
|
| Vydání: | 1a. ed |
| Témata: | |
| Tagy: |
Přidat tag
Žádné tagy, Buďte první, kdo vytvoří štítek k tomuto záznamu!
|
MARC
| LEADER | 00000cam a2200000 a 4500 | ||
|---|---|---|---|
| 001 | UCE3915 | ||
| 003 | CL-VaPUC | ||
| 008 | 141003e19840000us |||||||||||||||||eng|d | ||
| 020 | |a 0395344204 | ||
| 020 | |a 0395393884 | ||
| 082 | 0 | 4 | |a 516.9 |b RUC |2 21 |
| 100 | 0 | |a Rucker, Rudy |e author |9 576441 | |
| 700 | |a Gardner, Martin |e author |9 591378 | ||
| 700 | 0 | |a Povilaitis, David |e author |9 576443 | |
| 245 | 1 | 4 | |a The fourth dimension: a guide tour of the higher universes |
| 250 | |a 1a. ed | ||
| 300 | |a 228 p | ||
| 942 | |c BK | ||
| 945 | |d 20141003 14:17:00 |a arojas | ||
| 260 | |a Boston |b Houghton Mifflin |c 1984 | ||
| 650 | 7 | |a CUARTA DIMENSION |2 CL-VaPUC |9 271419 | |
| 650 | 0 | |a Geometría |9 264063 | |
| 583 | |a last modification |c 20141003 14:17:00 |k Rodrigo Vera | ||
| 999 | |c 357032 |d 357030 | ||
| 952 | |0 0 |1 0 |3 erb |4 0 |6 516_900000000000000_RUC_1984 |7 0 |8 A |9 464839 |a BIBCUR |b BIBCUR |i 5116287 |o 516.9 RUC 1984 |p 5116287 |r 2025-04-22 |w 2019-11-23 |y BK |z Catalogado en:20141003 |k BCB | ||